MARC

LEADER 00000nlm0a2200000 4500
001 648963
005 20231102025623.0
035 |a (RuTPU)RU\TPU\network\14122 
035 |a RU\TPU\network\13996 
090 |a 648963 
100 |a 20160610d2014 k y0rusy50 ca 
101 0 |a rus 
102 |a RU 
105 |a y z 000zy 
135 |a drcn ---uucaa 
181 0 |a i  
182 0 |a b 
200 1 |a Международная профессионально-общественная аккредитация инженерных образовательных программ  |f С. И. Герасимов, С. О. Шапошников 
203 |a Текст  |c электронный 
210 |a Санкт-Петербург  |c ЛЭТИ  |d 2014 
300 |a Заглавие с титульного экрана 
333 |a Режим доступа: по договору с организацией-держателем ресурса 
606 1 |a Педагогика высшей школы  |x Образовательные программы  |2 stltpush  |3 (RuTPU)RU\TPU\subj\69928  |9 84565 
610 1 |a электронный ресурс 
610 1 |a труды учёных ТПУ 
610 1 |a аккредитация 
610 1 |a инженерные программы 
610 1 |a образовательные программы 
686 |a Ч481.21  |2 rubbk 
700 1 |a Герасимов  |b С. И.  |c специалист в области организации высшего профессионального образования  |c профессор Томского политехнического университета, доктор технических наук  |f 1955-  |g Сергей Иванович  |2 stltpush  |3 (RuTPU)RU\TPU\pers\36321 
701 1 |a Шапошников  |b С. О.  |g Сергей Олегович 
712 0 2 |a Национальный исследовательский Томский политехнический университет (ТПУ)  |b Институт социально-гуманитарных технологий (ИСГТ)  |b Кафедра организации и технологии высшего профессионального образования (ОТВПО)  |h 5535  |2 stltpush  |3 (RuTPU)RU\TPU\col\19273 
801 2 |a RU  |b 63413507  |c 20160622  |g RCR 
856 4 |u http://elibrary.ru/item.asp?id=23025412 
942 |c CF